| 000 | 00818cam a2200301 a 4500 | ||
|---|---|---|---|
| 005 | 20260322212035.0 | ||
| 008 | data | ||
| 010 | _a 2012004653 | ||
| 020 | _a9780525952923 | ||
| 020 | _a0525952926 | ||
| 040 |
_aDLC _cDLC _dDLC |
||
| 042 | _apcc | ||
| 043 | _ae-sp--- | ||
| 050 | 0 | 0 |
_aPR6056.O45 _bW56 2012 |
| 082 | 0 | 0 |
_a823/.914 _223 |
| 099 | _aFOLLEK | ||
| 100 | 1 | _aFollett, Ken. | |
| 245 | 1 | 0 |
_aWinter of the world / _cKen Follett. |
| 260 |
_aNew York : _bDutton, _cc2012. |
||
| 300 |
_axiii, 940 p. : _bcol. maps ; _c25 cm. |
||
| 490 | 0 |
_aCentury trilogy ; _vbk. 2 |
|
| 500 | _aMaps on lining papers. | ||
| 650 | 0 |
_aTwentieth century _vFiction. |
|
| 650 | 0 |
_aWorld War, 1939-1945 _vFiction. |
|
| 651 | 0 |
_aSpain _xHistory _yCivil War, 1936-1939 _vFiction. |
|
| 655 | 7 |
_aHistorical fiction. _2gsafd |
|
| 001 | data | ||
| 999 |
_c822 _d822 |
||